[Event "DEM U16 2025"]
[Site "Willingen GER"]
[Date "2025.06.10"]
[Round "4"]
[White "Korchynskyi, Mykola"]
[Black "Schuricht, Emil Frederick"]
[Result "1/2-1/2"]
[Termination "normal"]
[Board "1"]
[WhiteTitle "FM"]
[BlackTitle "FM"]
[WhiteElo "2335"]
[BlackElo "2328"]
[WhiteClock "00:16:21"]
[BlackClock "00:11:39"]
[PlyCount "53"]
[WhiteFideId "34138005"]
[BlackFideId "16270185"]
[EventCountry "GER"]
[EventRounds "9"]
[EventType "swiss"]
[EventDate "2025.06.07"]

1. d4 {[%clk 01:30:31]} {[%emt 00:00:28]} d5 {[%clk 01:30:54]} {[%emt
00:00:06]} 2. Nf3 {[%clk 01:30:32]} {[%emt 00:00:30]} Nf6 {[%clk 01:31:00]}
{[%emt 00:00:23]} 3. Bf4 {[%clk 01:30:52]} {[%emt 00:00:10]} c5 {[%clk
01:29:33]} {[%emt 00:01:57]} 4. e3 {[%clk 01:27:37]} {[%emt 00:03:45]} cxd4
{[%clk 01:24:29]} {[%emt 00:05:34]} 5. exd4 {[%clk 01:27:53]} {[%emt 00:00:15]}
Nc6 {[%clk 01:21:07]} {[%emt 00:03:52]} 6. Bd3 {[%clk 01:20:24]} {[%emt
00:07:58]} Qb6 {[%clk 01:13:11]} {[%emt 00:08:26]} 7. Nc3 {[%clk 01:09:56]}
{[%emt 00:10:58]} Bg4 {[%clk 01:02:29]} {[%emt 00:11:12]} 8. Na4 {[%clk
01:06:21]} {[%emt 00:04:05]} Qa5+ {[%clk 00:58:01]} {[%emt 00:04:58]} 9. c3
{[%clk 01:04:29]} {[%emt 00:02:22]} Bxf3 {[%clk 00:51:50]} {[%emt 00:06:41]}
10. gxf3 {[%clk 01:03:49]} {[%emt 00:01:10]} e6 {[%clk 00:52:16]} {[%emt
00:00:04]} 11. Rb1 {[%clk 00:55:17]} {[%emt 00:09:03]} Nh5 {[%clk 00:48:14]}
{[%emt 00:04:32]} 12. Bg3 {[%clk 00:49:03]} {[%emt 00:06:43]} Qd8 {[%clk
00:46:00]} {[%emt 00:02:44]} 13. b4 {[%clk 00:38:26]} {[%emt 00:11:08]} Bd6
{[%clk 00:43:58]} {[%emt 00:02:32]} 14. Nc5 {[%clk 00:37:53]} {[%emt 00:01:03]}
Rb8 {[%clk 00:40:50]} {[%emt 00:03:38]} 15. Qa4 {[%clk 00:37:54]} {[%emt
00:00:29]} O-O {[%clk 00:39:53]} {[%emt 00:01:25]} 16. b5 {[%clk 00:31:03]}
{[%emt 00:07:23]} Ne7 {[%clk 00:38:26]} {[%emt 00:01:56]} 17. b6 {[%clk
00:22:05]} {[%emt 00:09:28]} axb6 {[%clk 00:37:16]} {[%emt 00:01:40]} 18. Nd7
{[%clk 00:22:32]} {[%emt 00:00:03]} Qc7 {[%clk 00:30:35]} {[%emt 00:07:11]} 19.
Nxf8 {[%clk 00:21:02]} {[%emt 00:02:01]} Qxc3+ {[%clk 00:28:40]} {[%emt
00:02:25]} 20. Ke2 {[%clk 00:21:26]} {[%emt 00:00:05]} Nf4+ {[%clk 00:16:35]}
{[%emt 00:12:36]} 21. Bxf4 {[%clk 00:21:50]} {[%emt 00:00:05]} Bxf4 {[%clk
00:17:01]} {[%emt 00:00:04]} 22. Qc2 {[%clk 00:16:44]} {[%emt 00:05:36]} Qxc2+
{[%clk 00:16:20]} {[%emt 00:01:11]} 23. Bxc2 {[%clk 00:17:11]} {[%emt
00:00:03]} Kxf8 {[%clk 00:16:29]} {[%emt 00:00:21]} 24. Rxb6 {[%clk 00:17:36]}
{[%emt 00:00:05]} Nc6 {[%clk 00:14:22]} {[%emt 00:02:37]} 25. Kd3 {[%clk
00:17:05]} {[%emt 00:01:01]} Ra8 {[%clk 00:12:14]} {[%emt 00:02:38]} 26. a4
{[%clk 00:16:21]} {[%emt 00:01:14]} Na5 {[%clk 00:11:39]} {[%emt 00:01:04]} 27.
Ke4 {[%emt 00:13:12]} 1/2-1/2

[Event "DEM U16 2025"]
[Site "Willingen GER"]
[Date "2025.06.10"]
[Round "4"]
[White "Atoyan, Alberto"]
[Black "Nuñez Grégoire, Daniel"]
[Result "1-0"]
[Termination "normal"]
[Board "2"]
[WhiteTitle "CM"]
[WhiteElo "2266"]
[BlackElo "2167"]
[WhiteClock "00:25:54"]
[BlackClock "00:28:31"]
[PlyCount "93"]
[WhiteFideId "13314831"]
[BlackFideId "34627103"]
[EventCountry "GER"]
[EventRounds "9"]
[EventType "swiss"]
[EventDate "2025.06.07"]

1. e4 {[%clk 01:30:55]} {[%emt 00:00:04]} e5 {[%clk 01:30:56]} {[%emt
00:00:04]} 2. Nc3 {[%clk 01:31:17]} {[%emt 00:00:08]} Nf6 {[%clk 01:31:21]}
{[%emt 00:00:05]} 3. Bc4 {[%clk 01:31:41]} {[%emt 00:00:07]} Bc5 {[%clk
01:31:28]} {[%emt 00:00:24]} 4. d3 {[%clk 01:32:03]} {[%emt 00:00:07]} Nc6
{[%clk 01:31:06]} {[%emt 00:00:52]} 5. f4 {[%clk 01:32:15]} {[%emt 00:00:18]}
d6 {[%clk 01:30:16]} {[%emt 00:01:20]} 6. Nf3 {[%clk 01:32:16]} {[%emt
00:00:29]} a6 {[%clk 01:27:08]} {[%emt 00:03:38]} 7. f5 {[%clk 01:31:54]}
{[%emt 00:00:53]} b5 {[%clk 01:22:01]} {[%emt 00:05:36]} 8. Bd5 {[%clk
01:17:47]} {[%emt 00:14:37]} Nxd5 {[%clk 01:18:42]} {[%emt 00:03:49]} 9. Nxd5
{[%clk 01:15:19]} {[%emt 00:02:59]} Nb4 {[%clk 01:07:32]} {[%emt 00:11:39]} 10.
Nxb4 {[%clk 01:09:14]} {[%emt 00:06:36]} Bxb4+ {[%clk 01:06:47]} {[%emt
00:01:15]} 11. c3 {[%clk 01:09:42]} {[%emt 00:00:02]} Bc5 {[%clk 01:05:18]}
{[%emt 00:01:59]} 12. Qe2 {[%clk 01:05:20]} {[%emt 00:04:52]} O-O {[%clk
01:01:53]} {[%emt 00:03:56]} 13. Be3 {[%clk 01:03:13]} {[%emt 00:02:38]} Bxe3
{[%clk 01:01:47]} {[%emt 00:00:35]} 14. Qxe3 {[%clk 01:03:39]} {[%emt
00:00:04]} Bb7 {[%clk 01:01:12]} {[%emt 00:01:06]} 15. O-O {[%clk 01:02:29]}
{[%emt 00:01:40]} f6 {[%clk 00:59:48]} {[%emt 00:01:54]} 16. a4 {[%clk
00:51:22]} {[%emt 00:11:37]} Qd7 {[%clk 00:55:53]} {[%emt 00:04:25]} 17. axb5
{[%clk 00:44:16]} {[%emt 00:07:36]} Qxb5 {[%clk 00:53:07]} {[%emt 00:03:16]}
18. c4 {[%clk 00:37:39]} {[%emt 00:07:07]} Qb4 {[%clk 00:50:59]} {[%emt
00:02:39]} 19. Qd2 {[%clk 00:33:05]} {[%emt 00:05:03]} Qb6+ {[%clk 00:48:12]}
{[%emt 00:03:16]} 20. Kh1 {[%clk 00:33:28]} {[%emt 00:00:07]} c6 {[%clk
00:43:59]} {[%emt 00:04:44]} 21. Ra5 {[%clk 00:28:30]} {[%emt 00:05:28]} d5
{[%clk 00:42:48]} {[%emt 00:01:41]} 22. c5 {[%clk 00:28:02]} {[%emt 00:00:58]}
Qc7 {[%clk 00:41:15]} {[%emt 00:02:03]} 23. Qc3 {[%clk 00:27:51]} {[%emt
00:00:41]} Rfd8 {[%clk 00:39:04]} {[%emt 00:02:40]} 24. b4 {[%clk 00:23:27]}
{[%emt 00:04:55]} Rd7 {[%clk 00:37:58]} {[%emt 00:01:36]} 25. Ra2 {[%clk
00:23:01]} {[%emt 00:00:56]} Rad8 {[%clk 00:35:49]} {[%emt 00:02:38]} 26. Rd2
{[%clk 00:22:28]} {[%emt 00:01:04]} Kh8 {[%clk 00:16:55]} {[%emt 00:19:24]} 27.
h3 {[%clk 00:21:17]} {[%emt 00:01:41]} Ra8 {[%clk 00:13:47]} {[%emt 00:03:38]}
28. Ra1 {[%clk 00:19:44]} {[%emt 00:02:03]} Qd8 {[%clk 00:13:44]} {[%emt
00:00:32]} 29. Raa2 {[%clk 00:13:07]} {[%emt 00:07:09]} Qe8 {[%clk 00:13:23]}
{[%emt 00:00:51]} 30. Re2 {[%clk 00:11:24]} {[%emt 00:02:13]} Qh5 {[%clk
00:12:07]} {[%emt 00:01:45]} 31. d4 {[%clk 00:08:16]} {[%emt 00:03:38]} dxe4
{[%clk 00:08:04]} {[%emt 00:04:34]} 32. Rxe4 {[%clk 00:08:40]} {[%emt
00:00:07]} Qxf5 {[%clk 00:07:12]} {[%emt 00:01:22]} 33. Rae2 {[%clk 00:08:53]}
{[%emt 00:00:17]} Re8 {[%clk 00:05:05]} {[%emt 00:02:37]} 34. dxe5 {[%clk
00:07:39]} {[%emt 00:01:44]} Rde7 {[%clk 00:04:37]} {[%emt 00:00:58]} 35. Qe1
{[%clk 00:05:16]} {[%emt 00:02:53]} g5 {[%clk 00:02:05]} {[%emt 00:03:01]} 36.
Nd4 {[%clk 00:02:44]} {[%emt 00:03:03]} Qg6 {[%clk 00:02:34]} 37. e6 {[%clk
00:02:33]} {[%emt 00:00:41]} Rd8 {[%clk 00:02:35]} {[%emt 00:00:29]} 38. Qf2
{[%clk 00:02:28]} {[%emt 00:00:35]} Rd5 {[%clk 00:02:30]} {[%emt 00:00:35]} 39.
g4 {[%clk 00:02:28]} {[%emt 00:00:30]} Qh6 {[%clk 00:01:08]} {[%emt 00:01:52]}
40. Kh2 {[%clk 00:02:20]} {[%emt 00:00:37]} Rxd4 {[%clk 00:00:36]} {[%emt
00:01:03]} 41. Rxd4 {[%clk 00:26:36]} {[%emt 00:06:15]} Qf8 {[%clk 00:28:23]}
{[%emt 00:02:41]} 42. Rd7 {[%clk 00:24:35]} {[%emt 00:02:32]} Bc8 {[%clk
00:28:17]} {[%emt 00:00:36]} 43. Rxe7 {[%clk 00:24:56]} {[%emt 00:00:09]} Qxe7
{[%clk 00:28:46]} 44. Qd4 {[%clk 00:24:47]} {[%emt 00:00:39]} Bxe6 {[%clk
00:28:00]} {[%emt 00:01:16]} 45. Qd6 {[%clk 00:25:04]} {[%emt 00:00:12]} Qxd6+
{[%clk 00:28:07]} {[%emt 00:00:23]} 46. cxd6 {[%clk 00:25:30]} {[%emt
00:00:04]} Bd7 {[%clk 00:28:31]} {[%emt 00:00:06]} 47. Re7 {[%clk 00:25:54]}
{[%emt 00:00:05]} 1-0

[Event "DEM U16 2025"]
[Site "Willingen GER"]
[Date "2025.06.10"]
[Round "4"]
[White "Skembris, Simon Max"]
[Black "Klaska, Philipp Leon"]
[Result "0-1"]
[Termination "normal"]
[Board "3"]
[WhiteTitle "CM"]
[BlackTitle "FM"]
[WhiteElo "2199"]
[BlackElo "2248"]
[WhiteClock "00:13:10"]
[BlackClock "00:15:07"]
[PlyCount "144"]
[WhiteFideId "16281381"]
[BlackFideId "16238044"]
[EventCountry "GER"]
[EventRounds "9"]
[EventType "swiss"]
[EventDate "2025.06.07"]

1. e4 {[%clk 01:30:59]} c5 {[%clk 01:30:46]} {[%emt 00:00:15]} 2. Nf3 {[%clk
01:31:19]} {[%emt 00:00:10]} g6 {[%clk 01:30:33]} {[%emt 00:00:42]} 3. d4
{[%clk 01:31:32]} {[%emt 00:00:17]} cxd4 {[%clk 01:30:58]} {[%emt 00:00:05]} 4.
Nxd4 {[%clk 01:31:37]} {[%emt 00:00:25]} Nc6 {[%clk 01:30:23]} {[%emt
00:01:05]} 5. Be2 {[%clk 01:29:29]} {[%emt 00:02:38]} Bg7 {[%clk 01:29:25]}
{[%emt 00:01:28]} 6. Nb3 {[%clk 01:29:49]} {[%emt 00:00:09]} d6 {[%clk
01:20:38]} {[%emt 00:09:18]} 7. O-O {[%clk 01:29:48]} {[%emt 00:00:31]} Nf6
{[%clk 01:19:25]} {[%emt 00:01:43]} 8. Nc3 {[%clk 01:30:09]} {[%emt 00:00:10]}
O-O {[%clk 01:17:07]} {[%emt 00:02:47]} 9. Re1 {[%clk 01:30:25]} {[%emt
00:00:14]} a6 {[%clk 01:12:34]} {[%emt 00:05:03]} 10. Bf1 {[%clk 01:30:23]}
{[%emt 00:00:32]} b5 {[%clk 01:08:18]} {[%emt 00:04:46]} 11. a4 {[%clk
01:30:05]} {[%emt 00:00:49]} b4 {[%clk 01:06:46]} {[%emt 00:02:02]} 12. Nd5
{[%clk 01:30:12]} {[%emt 00:00:23]} Bb7 {[%clk 01:05:26]} {[%emt 00:01:49]} 13.
a5 {[%clk 01:26:17]} {[%emt 00:04:26]} Nd7 {[%clk 00:59:28]} {[%emt 00:06:28]}
14. Qd2 {[%clk 01:18:50]} {[%emt 00:07:58]} Nc5 {[%clk 00:52:54]} {[%emt
00:06:59]} 15. Nxb4 {[%clk 01:13:00]} {[%emt 00:06:24]} Nxb3 {[%clk 00:51:51]}
{[%emt 00:01:33]} 16. Nxc6 {[%clk 01:11:28]} {[%emt 00:02:02]} Bxc6 {[%clk
00:50:02]} {[%emt 00:02:19]} 17. cxb3 {[%clk 01:09:11]} {[%emt 00:02:47]} Qd7
{[%clk 00:47:15]} {[%emt 00:03:17]} 18. Qc2 {[%clk 01:02:46]} {[%emt 00:06:55]}
Rfc8 {[%clk 00:43:41]} {[%emt 00:04:04]} 19. Bd2 {[%clk 01:01:39]} {[%emt
00:01:37]} Bb5 {[%clk 00:36:56]} {[%emt 00:07:15]} 20. Bc3 {[%clk 00:59:24]}
{[%emt 00:02:45]} Rab8 {[%clk 00:36:18]} {[%emt 00:01:08]} 21. Bxb5 {[%clk
00:43:42]} {[%emt 00:16:14]} Qxb5 {[%clk 00:32:11]} {[%emt 00:04:36]} 22. Re3
{[%clk 00:28:22]} {[%emt 00:15:50]} Qxb3 {[%clk 00:25:57]} {[%emt 00:06:43]}
23. Qxb3 {[%clk 00:26:13]} {[%emt 00:02:40]} Rxb3 {[%clk 00:26:21]} {[%emt
00:00:06]} 24. Bxg7 {[%clk 00:26:24]} {[%emt 00:00:19]} Rxe3 {[%clk 00:26:40]}
{[%emt 00:00:11]} 25. fxe3 {[%clk 00:26:44]} {[%emt 00:00:10]} Kxg7 {[%clk
00:27:07]} {[%emt 00:00:03]} 26. b4 {[%clk 00:18:08]} {[%emt 00:09:06]} Kf6
{[%clk 00:23:18]} {[%emt 00:04:18]} 27. Kf2 {[%clk 00:15:58]} {[%emt 00:02:41]}
Ke5 {[%clk 00:15:29]} {[%emt 00:08:18]} 28. Kf3 {[%clk 00:15:07]} {[%emt
00:01:22]} e6 {[%clk 00:13:12]} {[%emt 00:02:43]} 29. g4 {[%clk 00:10:37]}
{[%emt 00:05:04]} Rb8 {[%clk 00:12:28]} {[%emt 00:01:13]} 30. Rb1 {[%clk
00:08:13]} {[%emt 00:02:55]} Rb5 {[%clk 00:11:57]} {[%emt 00:01:00]} 31. Rc1
{[%clk 00:07:44]} {[%emt 00:01:00]} Rxb4 {[%clk 00:11:41]} {[%emt 00:00:45]}
32. Rc6 {[%clk 00:08:03]} {[%emt 00:00:11]} Rxe4 {[%clk 00:10:32]} {[%emt
00:01:39]} 33. Rxa6 {[%clk 00:08:19]} {[%emt 00:00:15]} f5 {[%clk 00:09:30]}
{[%emt 00:01:32]} 34. h3 {[%clk 00:07:06]} {[%emt 00:01:42]} f4 {[%clk
00:07:11]} {[%emt 00:02:49]} 35. exf4+ {[%clk 00:06:41]} {[%emt 00:00:55]}
Rxf4+ {[%clk 00:07:40]} {[%emt 00:00:02]} 36. Kg3 {[%clk 00:06:36]} {[%emt
00:00:36]} g5 {[%clk 00:06:53]} {[%emt 00:01:16]} 37. Ra7 {[%clk 00:02:24]}
{[%emt 00:04:42]} Ra4 {[%clk 00:07:08]} {[%emt 00:00:14]} 38. Rxh7 {[%clk
00:01:51]} {[%emt 00:01:04]} Rxa5 {[%clk 00:07:31]} {[%emt 00:00:07]} 39. h4
{[%clk 00:01:54]} {[%emt 00:00:27]} Ra3+ {[%clk 00:07:19]} {[%emt 00:00:42]}
40. Kf2 {[%clk 00:01:57]} {[%emt 00:00:27]} gxh4 {[%clk 00:02:10]} {[%emt
00:05:39]} 41. Rxh4 {[%clk 00:00:31]} {[%emt 00:01:56]} Kf4 {[%clk 00:28:58]}
{[%emt 00:03:41]} 42. Rh6 {[%clk 00:28:06]} {[%emt 00:02:55]} Ra2+ {[%clk
00:26:30]} {[%emt 00:02:58]} 43. Kf1 {[%clk 00:26:12]} {[%emt 00:02:24]} Ke5
{[%clk 00:25:47]} {[%emt 00:01:13]} 44. Rh3 {[%clk 00:20:41]} {[%emt 00:06:01]}
d5 {[%clk 00:18:34]} {[%emt 00:07:43]} 45. Re3+ {[%clk 00:14:14]} {[%emt
00:06:58]} Kf6 {[%clk 00:18:39]} {[%emt 00:00:24]} 46. g5+ {[%clk 00:13:34]}
{[%emt 00:01:10]} Kf5 {[%clk 00:18:43]} {[%emt 00:00:27]} 47. g6 {[%clk
00:13:47]} {[%emt 00:00:17]} Ra7 {[%clk 00:18:49]} {[%emt 00:00:22]} 48. Ke2
{[%clk 00:13:50]} {[%emt 00:00:29]} Rg7 {[%clk 00:19:05]} {[%emt 00:00:13]} 49.
Rf3+ {[%clk 00:13:31]} {[%emt 00:00:50]} Kxg6 {[%clk 00:19:30]} {[%emt
00:00:05]} 50. Ke3 {[%clk 00:13:07]} {[%emt 00:00:54]} Rf7 {[%clk 00:13:37]}
{[%emt 00:06:23]} 51. Rg3+ {[%clk 00:13:08]} {[%emt 00:00:30]} Kf6 {[%clk
00:13:27]} {[%emt 00:00:40]} 52. Kd4 {[%clk 00:13:12]} {[%emt 00:00:25]} Rc7
{[%clk 00:12:11]} {[%emt 00:01:43]} 53. Rf3+ {[%clk 00:12:23]} {[%emt
00:01:22]} Ke7 {[%clk 00:12:35]} {[%emt 00:00:05]} 54. Ke5 {[%clk 00:12:42]}
{[%emt 00:00:12]} Rc4 {[%clk 00:12:48]} {[%emt 00:00:16]} 55. Re3 {[%clk
00:12:46]} {[%emt 00:00:27]} Rh4 {[%clk 00:13:09]} {[%emt 00:00:07]} 56. Re1
{[%clk 00:12:53]} {[%emt 00:00:24]} Rh5+ {[%clk 00:13:34]} {[%emt 00:00:05]}
57. Kd4 {[%clk 00:12:39]} {[%emt 00:00:44]} Kd6 {[%clk 00:13:58]} {[%emt
00:00:06]} 58. Ra1 {[%clk 00:12:44]} {[%emt 00:00:26]} e5+ {[%clk 00:14:23]}
{[%emt 00:00:05]} 59. Kd3 {[%clk 00:12:27]} {[%emt 00:00:46]} Rh3+ {[%clk
00:14:48]} {[%emt 00:00:06]} 60. Ke2 {[%clk 00:12:44]} {[%emt 00:00:12]} e4
{[%clk 00:14:48]} {[%emt 00:00:30]} 61. Ra6+ {[%clk 00:12:35]} {[%emt
00:00:40]} Ke5 {[%clk 00:15:11]} {[%emt 00:00:06]} 62. Ra5 {[%clk 00:13:01]}
{[%emt 00:00:05]} Rb3 {[%clk 00:14:01]} {[%emt 00:01:38]} 63. Kd2 {[%clk
00:12:57]} {[%emt 00:00:35]} Rb2+ {[%clk 00:13:29]} {[%emt 00:01:02]} 64. Ke3
{[%clk 00:13:01]} {[%emt 00:00:27]} Rb4 {[%clk 00:13:47]} {[%emt 00:00:11]} 65.
Ra8 {[%clk 00:12:11]} {[%emt 00:01:21]} d4+ {[%clk 00:13:38]} {[%emt 00:00:39]}
66. Ke2 {[%clk 00:12:23]} {[%emt 00:00:18]} Rb2+ {[%clk 00:14:00]} {[%emt
00:00:08]} 67. Ke1 {[%clk 00:12:43]} {[%emt 00:00:10]} e3 {[%clk 00:13:44]}
{[%emt 00:00:45]} 68. Ra5+ {[%clk 00:12:03]} {[%emt 00:01:11]} Ke4 {[%clk
00:13:52]} {[%emt 00:00:21]} 69. Ra4 {[%clk 00:12:29]} {[%emt 00:00:05]} Kf3
{[%clk 00:13:54]} {[%emt 00:00:25]} 70. Rxd4 {[%clk 00:12:16]} {[%emt
00:00:45]} Rb1+ {[%clk 00:14:18]} {[%emt 00:00:06]} 71. Rd1 {[%clk 00:12:41]}
{[%emt 00:00:05]} Rxd1+ {[%clk 00:14:43]} {[%emt 00:00:05]} 72. Kxd1 {[%clk
00:13:10]} {[%emt 00:00:01]} Kf2 {[%clk 00:15:07]} {[%emt 00:00:07]} 0-1

[Event "DEM U16 2025"]
[Site "Willingen GER"]
[Date "2025.06.10"]
[Round "4"]
[White "Malinowsky, Levi"]
[Black "Marcziter, Alex"]
[Result "1-0"]
[Termination "normal"]
[Board "4"]
[WhiteTitle "CM"]
[WhiteElo "2193"]
[BlackElo "2102"]
[WhiteClock "00:21:48"]
[BlackClock "00:12:55"]
[PlyCount "67"]
[WhiteFideId "16253094"]
[BlackFideId "16258126"]
[EventCountry "GER"]
[EventRounds "9"]
[EventType "swiss"]
[EventDate "2025.06.07"]

1. d4 {[%clk 01:30:57]} {[%emt 00:00:02]} Nf6 {[%clk 01:30:04]} {[%emt
00:00:59]} 2. Nf3 {[%clk 01:31:03]} {[%emt 00:00:24]} g6 {[%clk 01:28:55]}
{[%emt 00:01:43]} 3. c4 {[%clk 01:30:48]} {[%emt 00:00:48]} Bg7 {[%clk
01:28:09]} {[%emt 00:01:18]} 4. g3 {[%clk 01:30:49]} {[%emt 00:00:30]} O-O
{[%clk 01:27:09]} {[%emt 00:01:32]} 5. Bg2 {[%clk 01:31:14]} {[%emt 00:00:05]}
d6 {[%clk 01:26:29]} {[%emt 00:01:13]} 6. O-O {[%clk 01:31:30]} {[%emt
00:00:14]} Nbd7 {[%clk 01:23:18]} {[%emt 00:03:48]} 7. Nc3 {[%clk 01:29:53]}
{[%emt 00:02:10]} e5 {[%clk 01:21:45]} {[%emt 00:02:06]} 8. e4 {[%clk
01:27:18]} {[%emt 00:03:06]} c6 {[%clk 01:18:22]} {[%emt 00:03:59]} 9. Re1
{[%clk 01:19:57]} {[%emt 00:08:10]} Re8 {[%clk 01:12:20]} {[%emt 00:06:42]} 10.
h3 {[%clk 01:15:49]} {[%emt 00:04:49]} exd4 {[%clk 01:09:22]} {[%emt 00:03:34]}
11. Nxd4 {[%clk 01:15:52]} {[%emt 00:00:28]} Nc5 {[%clk 01:08:37]} {[%emt
00:01:18]} 12. Bf4 {[%clk 01:08:30]} {[%emt 00:08:14]} Qb6 {[%clk 00:59:45]}
{[%emt 00:09:43]} 13. Nb3 {[%clk 01:04:57]} {[%emt 00:04:20]} Nxb3 {[%clk
00:53:06]} {[%emt 00:07:35]} 14. axb3 {[%clk 00:56:36]} {[%emt 00:09:25]} d5
{[%clk 00:44:16]} {[%emt 00:09:54]} 15. exd5 {[%clk 00:52:47]} {[%emt
00:04:29]} Rxe1+ {[%clk 00:44:34]} {[%emt 00:00:11]} 16. Qxe1 {[%clk 00:53:15]}
{[%emt 00:00:02]} Bf5 {[%clk 00:42:35]} {[%emt 00:02:38]} 17. Qd1 {[%clk
00:48:38]} {[%emt 00:05:28]} cxd5 {[%clk 00:38:43]} {[%emt 00:04:37]} 18. cxd5
{[%clk 00:45:23]} {[%emt 00:04:03]} a6 {[%clk 00:37:00]} {[%emt 00:02:20]} 19.
Ra4 {[%clk 00:40:49]} {[%emt 00:05:12]} Rc8 {[%clk 00:33:44]} {[%emt 00:04:00]}
20. Be3 {[%clk 00:37:33]} {[%emt 00:04:02]} Qd6 {[%clk 00:33:02]} {[%emt
00:01:16]} 21. Rc4 {[%clk 00:33:53]} {[%emt 00:04:28]} Rxc4 {[%clk 00:26:10]}
{[%emt 00:07:48]} 22. bxc4 {[%clk 00:34:20]} {[%emt 00:00:03]} Qb4 {[%clk
00:26:18]} {[%emt 00:00:24]} 23. Qe2 {[%clk 00:32:35]} {[%emt 00:02:25]} Ne8
{[%clk 00:25:26]} {[%emt 00:01:27]} 24. Bc1 {[%clk 00:24:08]} {[%emt 00:09:36]}
Nd6 {[%clk 00:25:03]} {[%emt 00:00:56]} 25. g4 {[%clk 00:23:42]} {[%emt
00:01:01]} Bc8 {[%clk 00:21:55]} {[%emt 00:03:50]} 26. Qe7 {[%clk 00:22:33]}
{[%emt 00:01:41]} Qb6 {[%clk 00:15:15]} {[%emt 00:07:26]} 27. Be3 {[%clk
00:22:05]} {[%emt 00:01:00]} Qb4 {[%clk 00:12:13]} {[%emt 00:03:41]} 28. Qd8+
{[%clk 00:21:58]} {[%emt 00:00:39]} Bf8 {[%clk 00:12:36]} {[%emt 00:00:06]} 29.
Bh6 {[%clk 00:21:28]} {[%emt 00:01:04]} Nxc4 {[%clk 00:12:59]} {[%emt
00:00:08]} 30. Qxc8 {[%clk 00:21:20]} {[%emt 00:00:39]} Nxb2 {[%clk 00:12:21]}
{[%emt 00:01:12]} 31. Ne4 {[%clk 00:21:02]} {[%emt 00:00:49]} Nd3 {[%clk
00:12:06]} {[%emt 00:00:46]} 32. Nf6+ {[%clk 00:21:20]} {[%emt 00:00:13]} Kh8
{[%clk 00:12:32]} {[%emt 00:00:05]} 33. Qxf8+ {[%clk 00:21:22]} {[%emt
00:00:29]} Qxf8 {[%clk 00:12:55]} {[%emt 00:00:07]} 34. Bxf8 {[%clk 00:21:48]}
{[%emt 00:00:05]} 1-0

[Event "DEM U16 2025"]
[Site "Willingen GER"]
[Date "2025.06.10"]
[Round "4"]
[White "Zobel, Christian"]
[Black "Herrmann, Jakob"]
[Result "1/2-1/2"]
[Termination "normal"]
[Board "5"]
[WhiteTitle "CM"]
[BlackTitle "FM"]
[WhiteElo "2158"]
[BlackElo "2296"]
[WhiteClock "00:20:52"]
[BlackClock "00:42:14"]
[PlyCount "61"]
[WhiteFideId "16259068"]
[BlackFideId "16287169"]
[EventCountry "GER"]
[EventRounds "9"]
[EventType "swiss"]
[EventDate "2025.06.07"]

1. d4 {[%clk 01:30:38]} {[%emt 00:00:22]} d5 {[%clk 01:30:53]} {[%emt
00:00:07]} 2. c4 {[%clk 01:31:02]} {[%emt 00:00:07]} e6 {[%clk 01:31:19]}
{[%emt 00:00:04]} 3. Nc3 {[%clk 01:31:11]} {[%emt 00:00:21]} c6 {[%clk
01:31:27]} {[%emt 00:00:22]} 4. cxd5 {[%clk 01:30:48]} {[%emt 00:00:53]} exd5
{[%clk 01:31:50]} {[%emt 00:00:06]} 5. Bf4 {[%clk 01:30:12]} {[%emt 00:01:06]}
Nf6 {[%clk 01:31:54]} {[%emt 00:00:27]} 6. e3 {[%clk 01:30:03]} {[%emt
00:00:39]} Bf5 {[%clk 01:30:40]} {[%emt 00:01:44]} 7. Bd3 {[%clk 01:28:51]}
{[%emt 00:01:42]} Bxd3 {[%clk 01:30:43]} {[%emt 00:00:27]} 8. Qxd3 {[%clk
01:29:18]} {[%emt 00:00:03]} Be7 {[%clk 01:30:35]} {[%emt 00:00:37]} 9. Nge2
{[%clk 01:27:10]} {[%emt 00:02:38]} O-O {[%clk 01:29:55]} {[%emt 00:01:10]} 10.
Ng3 {[%clk 01:25:45]} {[%emt 00:01:54]} Re8 {[%clk 01:26:46]} {[%emt 00:03:40]}
11. O-O {[%clk 01:24:09]} {[%emt 00:02:06]} Bf8 {[%clk 01:23:06]} {[%emt
00:04:10]} 12. Rad1 {[%clk 01:21:06]} {[%emt 00:03:32]} Nbd7 {[%clk 01:21:49]}
{[%emt 00:01:48]} 13. f3 {[%clk 01:18:14]} {[%emt 00:03:22]} h6 {[%clk
01:01:11]} {[%emt 00:21:08]} 14. e4 {[%clk 01:07:54]} {[%emt 00:10:49]} c5
{[%clk 01:00:08]} {[%emt 00:01:34]} 15. e5 {[%clk 01:00:36]} {[%emt 00:07:48]}
cxd4 {[%clk 01:00:21]} {[%emt 00:00:17]} 16. exf6 {[%clk 01:00:22]} {[%emt
00:00:44]} dxc3 {[%clk 01:00:35]} {[%emt 00:00:15]} 17. fxg7 {[%clk 00:59:15]}
{[%emt 00:01:37]} Bxg7 {[%clk 00:55:53]} {[%emt 00:05:11]} 18. bxc3 {[%clk
00:54:27]} {[%emt 00:05:19]} Qf6 {[%clk 00:47:53]} {[%emt 00:08:31]} 19. Nh5
{[%clk 00:39:12]} {[%emt 00:15:45]} Qxc3 {[%clk 00:47:10]} {[%emt 00:01:12]}
20. Qxc3 {[%clk 00:34:45]} {[%emt 00:04:58]} Bxc3 {[%clk 00:47:34]} {[%emt
00:00:06]} 21. Rxd5 {[%clk 00:35:08]} {[%emt 00:00:06]} Nf6 {[%clk 00:42:53]}
{[%emt 00:05:11]} 22. Nxf6+ {[%clk 00:34:47]} {[%emt 00:00:52]} Bxf6 {[%clk
00:43:18]} {[%emt 00:00:05]} 23. Bxh6 {[%clk 00:32:58]} {[%emt 00:02:18]} Re2
{[%clk 00:41:24]} {[%emt 00:02:25]} 24. Rf2 {[%clk 00:20:46]} {[%emt 00:12:41]}
Re1+ {[%clk 00:41:41]} {[%emt 00:00:13]} 25. Rf1 {[%clk 00:21:14]} {[%emt
00:00:02]} Re2 {[%clk 00:42:00]} {[%emt 00:00:11]} 26. Rf2 {[%clk 00:20:52]}
{[%emt 00:00:52]} Re1+ {[%clk 00:42:14]} {[%emt 00:00:16]} 27. Rf1 {[%emt
00:00:12]} Re2 28. Rd2 Rae8 {[%emt 00:00:03]} 29. Rfd1 {[%emt 00:00:07]} Bc3
{[%emt 00:00:01]} 30. Rxe2 Rxe2 31. Rd7 {[%emt 00:00:04]} 1/2-1/2